| 000 | 00458nam a2200169Ia 4500 | ||
|---|---|---|---|
| 005 | 20250508163207.0 | ||
| 008 | 008 250505s9999 xx 000 0 eng d | ||
| 037 | _aTextual | ||
| 040 |
_aFEDL _beng _cFEDL |
||
| 041 |
_aeng _2eng |
||
| 084 |
_a371.422, PAS _qFEDL |
||
| 100 |
_aPasricha Prem _989249 |
||
| 245 | 0 | _aGuidance and counselling Indian education | |
| 300 | _a350p. | ||
| 942 |
_cTEXL _h371.422, PAS |
||
| 999 |
_c1381432 _d1381432 |
||